|
|
|
|
| LEADER |
00000cam a2200000 a 4500 |
| 001 |
4883 |
| 003 |
Ucuenca |
| 005 |
20230308160704.0 |
| 008 |
000000|1886 ||||||||r|||||||||||spa|| |
| 040 |
|
|
|b spa
|
| 041 |
1 |
|
|a fre
|
| 082 |
0 |
|
|a 840
|c 4883
|
| 110 |
1 |
|
|a Hermanos de las EE. CC.
|9 20419
|
| 245 |
|
|
|a Nuevo curso de geografía universal, arreglada para la enseñanza de los niños
|h imp
|
| 250 |
|
|
|a 3 ed.
|
| 264 |
|
|
|a Guayaquil
|b Imprenta de la Nación
|c 1886
|
| 300 |
|
|
|a 112 páginas:
|c 17 cm
|
| 505 |
0 |
|
|a Miscelánea.En lomo el título es Opúculos. Empastados en el Ingreso 4883, varios temas: contiene. Constitutionis apostolicae sedis qua censure late sententiae limintantur brevis explanatio. -- Nociones elementales de geometría . -- Nuevo curso de geografía universal, arreglada para la enseñanza de los niños. -- Testimonia, et judicium de Ovidio Senéca.
|
| 650 |
|
7 |
|a Geografía universal
|9 4326
|
| 852 |
|
|
|a UC-CDJBV
|f Donación
|l 1
|p 00000000
|t 4883
|b 1
|d CDRC
|e CDRC
|g 840 ESTANTERIA CERRADA
|z 0000-00-00
|
| 942 |
|
|
|c BK
|
| 999 |
|
|
|c 11729
|d 11729
|